A history of Psychology / (Record no. 176917)
[ view plain ]
| 000 -LEADER | |
|---|---|
| fixed length control field | 00930 a2200157 4500 |
| 003 - CONTROL NUMBER IDENTIFIER | |
| control field | Nust |
| 005 - DATE AND TIME OF LATEST TRANSACTION | |
| control field | 20221205100252.0 |
| 040 ## - CATALOGING SOURCE | |
| Transcribing agency | Nust |
| 082 ## - DEWEY DECIMAL CLASSIFICATION NUMBER | |
| Classification number | 150.9,BEN |
| 100 ## - MAIN ENTRY--PERSONAL NAME | |
| Personal name | Benjafield .John.G |
| 9 (RLIN) | 104071 |
| 245 ## - TITLE STATEMENT | |
| Title | A history of Psychology / |
| Statement of responsibility, etc. | John G. Benjafield |
| 260 ## - PUBLICATION, DISTRIBUTION, ETC. | |
| Place of publication, distribution, etc. | Islamabad |
| Name of publisher, distributor, etc. | National Book Foundation |
| 300 ## - PHYSICAL DESCRIPTION | |
| Extent | xiv,390 p.; |
| 505 ## - FORMATTED CONTENTS NOTE | |
| Formatted contents note | Touchstones: The Origins of Psychology Thoughts (Page-1), Touchstones From Descartes to Darwin (Page-23), Nineteenth Century Pioneers Overview (Page-49), Wundt and His Contemporaries (Page-69), William James (1842-1910) (Page-83), Freud and Jung(Page-95), Structure (Page-121), Behaviorism (Page-147), Gestalts Psychology (Page-171), Research Methods (Page-195), Theories of Learning (Page-209), The Development Points of View (Page-235), Humanistic Psychology (Page-265), Cognitive Psychology (Page-289), The Future of Psychology (Page-315). |
| 942 ## - ADDED ENTRY ELEMENTS (KOHA) | |
| Source of classification or shelving scheme | |
| Koha item type | Book |
| Call number prefix | 150.9,BEN |
| Withdrawn status | Lost status | Source of classification or shelving scheme | Damaged status | Not for loan | Permanent Location | Current Location | Shelving location | Date acquired | Full call number | Barcode | Date last seen | Price effective from | Koha item type | Public note |
|---|---|---|---|---|---|---|---|---|---|---|---|---|---|---|
| Military College of Signals (MCS) | Military College of Signals (MCS) | General Stacks | 12/12/2016 | 150.9,BEN | MCS34357 | 12/08/2016 | 12/12/2016 | Book | Almirah No.46, Shelf No.3 | |||||
| Military College of Signals (MCS) | Military College of Signals (MCS) | General Stacks | 12/12/2016 | 150.9,BEN | MCS34358 | 12/08/2016 | 12/12/2016 | Book | Almirah No.46, Shelf No.3 |
